Football Teams Miroslav Klose Played For - Statistics

General Stats
  • This quiz has been taken 56 times
  • The average score is 4 of 6
Answer Stats
League Years Team % Correct
Germany 2007-2011 FC Bayern München
100%
Italy 2011-2016 SS Lazio
95%
Germany 2004-2007 SV Werder Bremen
86%
Germany 2000-2004 1.FC Kaiserslautern
59%
Germany 1999-2000 1.FC Kaiserslautern II
59%
Germany 1999 FC 08 Homburg
34%
No matching quizzes found
Score Distribution
Percent of People with Each Score
Percentile by Number Answered
Your Score History
You have not taken this quiz